Giáo trình dinh dưỡng gia súc

Giáo trình nghiên cứu về dinh dưỡng học gia súc, gia cầm, và các hoạt động sống của chúng

保存先:
書誌詳細
第一著者: Nguyễn, Nhựt Xuân Dung
フォーマット: 図書
言語:Undetermined
出版事項: Cần Thơ Nxb. Đại học Cần Thơ 2013
主題:
タグ: タグ追加
タグなし, このレコードへの初めてのタグを付けませんか!
Thư viện lưu trữ: Trung tâm Học liệu Trường Đại học Cần Thơ
LEADER 00816nam a2200205Ia 4500
001 CTU_184052
008 210402s9999 xx 000 0 und d
020 |c 33000 
082 |a 636.085 
082 |b D513 
100 |a Nguyễn, Nhựt Xuân Dung 
245 0 |a Giáo trình dinh dưỡng gia súc 
245 0 |c Nguyễn Nhựt Xuân Dung, Lưu Hữu Mãnh, Võ Ái Quấc 
260 |a Cần Thơ 
260 |b Nxb. Đại học Cần Thơ 
260 |c 2013 
520 |a Giáo trình nghiên cứu về dinh dưỡng học gia súc, gia cầm, và các hoạt động sống của chúng 
650 |a Animal feeding,Feeding,Thức ăn gia súc 
904 |i Tuyến, Lê Thị cẩm Giang 
980 |a Trung tâm Học liệu Trường Đại học Cần Thơ